All Incorporated Municipalities of Franklin County, New York - Statistics

General Stats
  • This quiz has been taken 3 times
  • The average score is 16 of 25
Answer Stats
Answer % Correct
Bombay
100%
Chateaugay
100%
Chateaugay
100%
Malone
100%
Malone
100%
Bangor
67%
Bellmont
67%
Brushton
67%
Burke
67%
Burke
67%
Constable
67%
Fort Covington
67%
Harrietstown
67%
Saranac Lake
67%
Tupper Lake
67%
Tupper Lake
67%
Waverly
67%
Westville
67%
Brandon
33%
Brighton
33%
Dickinson
33%
Duane
33%
Franklin
33%
Moira
33%
Santa Clara
33%
No matching quizzes found
Score Distribution
Percent of People with Each Score
Percentile by Number Answered
Your Score History
You have not taken this quiz